Sports Quiz

Random Sports Quiz

Boston Professional Sports Teams Quiz Stats

 Plays Quiz not verified by Sporcle

Challenge
Share
Tweet
Embed
Score 0/11 Timer 02:00
0 Plays Today
% Correct
Celtics
98.2%
Red Sox
98.2%
Patriots
98.2%
Bruins
95.9%
Revolution
65.2%
Cannons
32.5%
Breakers
19.6%
Blazers
14.9%
Riptide
4.7%
Militia
4.3%
Massacre
2%

You're not logged in!

Compare scores with friends on all Sporcle quizzes.
Join for Free
OR
Log In

You Might Also Like...

Show Comments

Extras

Top Quizzes Today


Score Distribution

Your Account Isn't Verified!

In order to create a playlist on Sporcle, you need to verify the email address you used during registration. Go to your Sporcle Settings to finish the process.

Report this User

Report this user for behavior that violates our Community Guidelines.

Details: